000 01172nam a2200217 i 4500
001 152034
003 ES-MaACL
005 20240510213343.0
008 931025s1837 sp |||| | spa d
100 1 _aBertrán de Lis, Vicente.
_928504
245 1 0 _aNota pasada a la Comisión de Crédito Público, demostrando que pueden disponerse de mil millones de bienes nacionales para premiar a los que se distingan con hechos notables y resarcir los daños causados por la guerra civil /
_cpor Vicente Bertrán de Lis.
246 3 4 _aSobre la aplicación de mil millones de bienes nacionales para premiar a los que se distingan en la presente lucha
260 _aMadrid :
_b[s.n.],
_c1837 (
_fImp. de la Compañía Tipográfica)
300 _a32 p. ;
_c19 cm.
530 _aDisponible en formato digital.
650 0 0 _aHacienda pública-
_zEspaña-
_yS.XIX
_9227084
651 4 _aEspaña-
_xHistoria-
_y1833-1840, Guerra carlista
_98250
852 _aES-MaACL
_jT-23-F-1
_z- Enc. hol., falto de la enc. orignal
_z- Enc. en un vol. facticio
856 _uhttp://bdh-rd.bne.es/viewer.vm?id=0000163855&page=1
_zBiblioteca Digital Hispánica
999 _c152034
_d152034